<?xml version="1.0" encoding="UTF-8"?>
<collection xmlns="http://www.loc.gov/MARC21/slim">
 <record>
  <leader>00970ngm a22002895g 4500</leader>
  <controlfield tag="001">CEM.cems023689</controlfield>
  <controlfield tag="008">130507s2011##################0###0#####d</controlfield>
  <controlfield tag="005">20250623161539.0</controlfield>
  <datafield tag="245" ind1="1" ind2="0">
   <subfield code="a">Canciones y regiones /</subfield>
   <subfield code="c">Marcelo Sauvignone.</subfield>
  </datafield>
  <datafield tag="260" ind1=" " ind2=" ">
   <subfield code="a">Argentina,</subfield>
   <subfield code="c">2011</subfield>
  </datafield>
  <datafield tag="300" ind1=" " ind2=" ">
   <subfield code="a">30'.</subfield>
  </datafield>
  <datafield tag="490" ind1="0" ind2=" ">
   <subfield code="a">Horizontes. Lengua</subfield>
  </datafield>
  <datafield tag="500" ind1=" " ind2=" ">
   <subfield code="a">Consultar en ventanilla.</subfield>
  </datafield>
  <datafield tag="538" ind1=" " ind2=" ">
   <subfield code="a">Soporte: DVD - Color: Si - Grabación DRD.</subfield>
  </datafield>
  <datafield tag="520" ind1=" " ind2=" ">
   <subfield code="a">Relatos regionales representativos, a través de la historia de cantautores y cantantes. Se incluyen entrevistas y canciones populares.</subfield>
  </datafield>
  <datafield tag="100" ind1="1" ind2=" ">
   <subfield code="a">Sauvignone, Marcelo</subfield>
  </datafield>
  <datafield tag="710" ind1="2" ind2=" ">
   <subfield code="a">Canal Encuentro.</subfield>
  </datafield>
  <datafield tag="082" ind1="4" ind2="0">
   <subfield code="/">SAU-1</subfield>
  </datafield>
  <datafield tag="653" ind1=" " ind2=" ">
   <subfield code="a">LITERATURA</subfield>
  </datafield>
  <datafield tag="653" ind1=" " ind2=" ">
   <subfield code="a">LENGUA</subfield>
  </datafield>
  <datafield tag="653" ind1=" " ind2=" ">
   <subfield code="a">LENGUA Y LITERATURA</subfield>
  </datafield>
  <datafield tag="653" ind1=" " ind2=" ">
   <subfield code="a">GENEROS LITERARIOS</subfield>
  </datafield>
  <datafield tag="653" ind1=" " ind2=" ">
   <subfield code="a">CANCIONES POPULARES</subfield>
  </datafield>
  <datafield tag="653" ind1=" " ind2=" ">
   <subfield code="a">FOLKLORE</subfield>
  </datafield>
  <datafield tag="653" ind1=" " ind2=" ">
   <subfield code="a">MUSICA POPULAR</subfield>
  </datafield>
  <datafield tag="653" ind1=" " ind2=" ">
   <subfield code="a">SERIE DE TELEVISIÓN</subfield>
  </datafield>
  <datafield tag="859" ind1=" " ind2=" ">
   <subfield code="a">CEMS</subfield>
   <subfield code="b">BIB. CEMS - Depto. Recursos Didacticos</subfield>
   <subfield code="h">401</subfield>
   <subfield code="i">SAU-1</subfield>
   <subfield code="k">DRD</subfield>
   <subfield code="p">2332.15</subfield>
   <subfield code="t">Ej.1</subfield>
  </datafield>
 </record>
</collection>
